Catálogo público

Fisiología de la reproducción : fisiología de la reproducción comparada de los animales domésticos, animales de laboratorio y el hombre / (Record no. 165856)

MARC details
000 -CABECERA
campo de control de longitud fija 00958nam a2200301Ia 4500
001 - NÚMERO DE CONTROL
campo de control Z_2813
003 - IDENTIFICADOR DEL NÚMERO DE CONTROL
campo de control CHAP
008 - DATOS DE LONGITUD FIJA--INFORMACIÓN GENERAL
campo de control de longitud fija 220113s1969 xx 000 0 und d
010 ## - NÚMERO DE CONTROL DE LA BIBLIOTECA DEL CONGRESO
Número de control de LC 165856
040 ## - FUENTE DE LA CATALOGACIÓN
Centro/agencia transcriptor CHAP
082 ## - NÚMERO DE LA CLASIFICACIÓN DECIMAL DEWEY
Número de clasificación 636.0824 N35
100 ## - ENTRADA PRINCIPAL--NOMBRE DE PERSONA
Nombre de persona Nalbandov, Andrew Vladimir
9 (RLIN) 80092
245 ## - MENCIÓN DE TÍTULO
Título Fisiología de la reproducción : fisiología de la reproducción comparada de los animales domésticos, animales de laboratorio y el hombre /
Mención de responsabilidad, etc. A. V. Nalbandov ; traducción Arsenio Fraile Ovejero
260 ## - PUBLICACIÓN, DISTRIBUCIÓN, ETC.
Lugar de publicación, distribución, etc. España :
Nombre del editor, distribuidor, etc. Acribia,
Fecha de publicación, distribución, etc. 1969
300 ## - DESCRIPCIÓN FÍSICA
Extensión 303 p.
503 ## - NOTA DE HISTORIA BIBLIOGRÁFICA (BK CF MU) [OBSOLETO]
Nota de historia bibliográfica ej.1: s/n \ ej.2: C/E \ ej.3: donación \ ej.4:
504 ## - NOTA DE BIBLIOGRAFÍA, ETC.
Nota de bibliografía, etc. Incluye bibliografía
650 ## - PUNTO DE ACCESO ADICIONAL DE MATERIA--TÉRMINO DE MATERIA
Término de materia o nombre geográfico como elemento de entrada Fisiología comparada
9 (RLIN) 41133
650 ## - PUNTO DE ACCESO ADICIONAL DE MATERIA--TÉRMINO DE MATERIA
Término de materia o nombre geográfico como elemento de entrada Reproducción
9 (RLIN) 96027
650 ## - PUNTO DE ACCESO ADICIONAL DE MATERIA--TÉRMINO DE MATERIA
Término de materia o nombre geográfico como elemento de entrada Reproducción animal
9 (RLIN) 96028
700 1# - PUNTO DE ACCESO ADICIONAL--NOMBRE DE PERSONA
Nombre de persona Fraile Ovejero, Arsenio
Término indicativo de función/relación traductor
9 (RLIN) 139899
901 ## - ELEMENTOS DE DATOS A LOCAL LDA (RLIN)
a 636.0824 N35
902 ## - ELEMENTOS DE DATOS B LOCAL, LDB (RLIN)
a M
910 ## - DATOS DE OPCIÓN DEL USUARIO (OCLC)
Datos de opción del usuario 1969
942 ## - ELEMENTOS DE PUNTO DE ACCESO ADICIONAL (KOHA)
Tipo de ítem Koha Libro_
942 ## - ELEMENTOS DE PUNTO DE ACCESO ADICIONAL (KOHA)
Tipo de ítem Koha
Holdings
Estado de retiro Estado de pérdida Fuente del sistema de clasificación o colocación Estado dañado No para préstamo Código de colección Localización permanente Ubicación/localización actual Ubicación en estantería Fecha de adquisición Código de barras Fecha visto por última vez Número de copia Precio válido a partir de Tipo de ítem Koha Total de préstamos Fecha del último préstamo
    Dewey Decimal Classification     General Zootecnia Zootecnia   09/11/2005 z_2418 18/01/2022 1 18/01/2022 Libro    
    Dewey Decimal Classification     General Zootecnia Zootecnia   09/11/2005 z_2419 30/09/2025 2 18/01/2022 Libro 4 30/09/2025
    Dewey Decimal Classification     General Zootecnia Zootecnia   09/11/2005 z_2420 14/11/2025 3 18/01/2022 Libro 2 14/11/2025
    Dewey Decimal Classification     General Zootecnia Zootecnia   09/11/2005 z_2421 14/11/2025 4 18/01/2022 Libro 3 14/11/2025